| 000 | 01242nam0a22002651 4500 | ||
|---|---|---|---|
| 001 | rc\2799372 | ||
| 005 | 20260406101305.0 | ||
| 035 | _a(NLR Aleph) 006925396 | ||
| 090 |
_a7491454 _c7491454 |
||
| 100 | _a20110915d1936 u y0rusy50 ca | ||
| 101 | 0 | _arus | |
| 102 | _aRU | ||
| 105 | _aae z ||||| | ||
| 200 | 1 |
_aСоциалистическая реконструкция г. Новосибирска _fПод ред.: Ф. В. Попова, С. А. Меньшенина, А. М. Борщевского _gСектор планировки и соцреконструкции городов ВСКХ при ЦИК СССР и Новосиб. горсовет |
|
| 210 |
_aМосква _cизд. и тип. изд-ва "Власть советов" _d1936 |
||
| 215 |
_aОбл., 165, [2] с., 1 вкл. л. план. _cил. _d23х15 см. |
||
| 702 | 1 |
_aМеньшенин _bС.А. _4340 |
|
| 702 | 1 |
_aБорщевский _bА.М. _4340 |
|
| 702 | 1 |
_4340 _7ca _8rus _aПопов _bФ. В. _cгос. деятель, мемуарист _f1896- _gФедор Всеволодович _3RU\NLR\AUTH\770289894 _92696765 |
|
| 801 | 0 |
_aRU _bNLR _gpsbo |
|
| 801 | 1 |
_aRU _bELAR _2rusmarc |
|
| 852 |
_aNLR _j36-4/1114 |
||
| 942 | _cUNSPEC | ||
| 980 | _aNB | ||